| 000 | 01232nam a22001937a 4500 | ||
|---|---|---|---|
| 999 |
_c58672 _d58672 |
||
| 003 | Ge_BSU | ||
| 005 | 20220624125537.0 | ||
| 008 | 220624s2021 ge ||||| |||| 00| 0 geo d | ||
| 041 | _ageo | ||
| 080 | _a342.9(479.22)(094.1) ს-32 | ||
| 245 |
_aსაქართველოს კანონი : საქართველოს ადმინისტრაციულ სამართალდარღვევათა კოდექსი : _bანბანურ-საგნობრივი საძიებლით : ცვლილებებითა და დამატებებით 2021 წლის 1 ოქტომბრამდე / |
||
| 264 |
_aთბილისი : _bბონა კაუზა, _c2021. |
||
| 300 |
_a439 გვ.; _b20 სმ. |
||
| 490 | _aიურისტის ბიბლიოთეკა | ||
| 501 | _aანბანურ-საგნობრივი საძიებელი გვ. 417-435 | ||
| 653 | _aსაქართველოს კანონი | ||
| 653 | _aსაქართველოს ადმინისტრაციულ სამართალდარღვევათა კოდექსი | ||
| 942 |
_2udc _cBK |
||